=LDR 00000nam 2200000 4500 =001 INLIS000000000016460 =005 20130612111744 =008 ***********************************Ind** =035 ##$$a0010-061300000016460 =041 ##$$a Ind =082 ##$$a 728.5 =090 ##$$a 728.5, Agu o =100 ##$$a Agusnawar =245 ##$$a Operasional tata graha hotel, Agusnawar =260 ##$$a 2002 $b Jakarta =300 ##$$a 158 hlm, 21 cm =650 ##$$a Hotel =850 ##$$a NBPNMAT =990 ##$$a 0001/BPAP-NTB/20142014